| 000 | 00775nam a2200241Ia 4500 | ||
|---|---|---|---|
| 008 | 191130s2003##################000#0#eng## | ||
| 020 | _a1840648058 | ||
| 022 | _a2003049104 | ||
| 040 |
_aACL _cACL |
||
| 082 | _a302.35 LAZ | ||
| 245 |
_aKnowledge, learning, and routines: volume I _cedited by Nathalie Lazaric and Edward Lorenz |
||
| 260 |
_aCheltenham, UK ; Northampton, MA, USA _bEdward Elgar Pub _c2003 |
||
| 300 | _a2 v. : ill. ; 25 cm | ||
| 500 | _aIncludes bibliographical references and index | ||
| 650 | _aIntellectual capital | ||
| 650 | _aOrganizational behavior | ||
| 650 | _aOrganizational learning | ||
| 700 | _aLazaric, Nathalie | ||
| 700 | _aLorenz., Edward | ||
| 990 | _a0ac5d697ac10000c7855a0ac135d870a | ||
| 991 | _a17997 | ||
| 999 |
_c227082 _d227082 |
||